Statistics for Five Countries With the Most Tourists by Continent

Click here to take the quiz!

General Stats

  • This quiz has been taken 27,287 times
    (27,203 since last reset)
  • The average score is 26 of 30

Answer Stats

Continent # Country % Correct
North America76.9 mUnited States
99%
Asia60.7 mChina
99%
Europe86.9 mFrance
99%
Oceania8.82 mAustralia
98%
North America20.8 mCanada
98%
North America39.3 mMexico
98%
South America6.59 mBrazil
98%
Oceania3.55 mNew Zealand
97%
Europe81.8 mSpain
97%
Europe53.4 mItaly
97%
Europe37.6 mUnited Kingdom
97%
Europe37.4 mGermany
97%
Africa10.3 mSouth Africa
97%
Asia28.7 mJapan
97%
South America6.71 mArgentina
96%
Africa8.16 mEgypt
96%
South America6.45 mChile
93%
South America4.03 mPeru
90%
South America4.03 mColombia
89%
Africa11.3 mMorocco
89%
Asia35.4 mThailand
86%
North America3.98 mCuba
85%
Oceania0.843 mFiji
83%
Africa2.45 mAlgeria
68%
Africa7.05 mTunisia
68%
Asia25.9 mMalaysia
63%
Oceania0.179 mPapua New Guinea
63%
Oceania0.146 mSamoa
63%
Asia37.6 mTurkey
62%
North America6.18 mDominican Republic
60%

Score Distribution

Percentile by Number Answered

Percent of People with Each Score

Your Score History

You have not taken this quiz since the last reset